|
|
|
|
| LEADER |
00000nam0a2200000 4500 |
| 001 |
97330 |
| 005 |
20231031110901.0 |
| 035 |
|
|
|a (RuTPU)RU\TPU\book\104326
|
| 090 |
|
|
|a 97330
|
| 100 |
|
|
|a 20060525d1969 km y0rusy50 ca
|
| 101 |
0 |
|
|a rus
|
| 102 |
|
|
|a RU
|
| 105 |
|
|
|a a z 001zy
|
| 200 |
1 |
|
|a Автоматизация, механизация и электрооборудование ацетиленовых станций
|f В. С. Дыкин, Е. И. Михайлов
|
| 210 |
|
|
|a Москва
|c Машиностроение
|d 1969
|
| 215 |
|
|
|a 184 с.
|c ил.
|
| 320 |
|
|
|a Библиогр.: с. 182.
|
| 610 |
1 |
|
|a ацетиленовые станции
|
| 610 |
1 |
|
|a электрооборудование
|
| 610 |
1 |
|
|a автоматизация
|
| 610 |
1 |
|
|a механизация
|
| 610 |
1 |
|
|a проектирование
|
| 610 |
1 |
|
|a схемы
|
| 610 |
1 |
|
|a контроль
|
| 610 |
1 |
|
|a ацетиленовое производство
|
| 675 |
|
|
|a 665.85
|v 3
|
| 700 |
|
1 |
|a Дыкин
|b В. С.
|g Василий Семенович
|
| 701 |
|
1 |
|a Михайлов
|b Е. И.
|g Евгений Иванович
|
| 801 |
|
1 |
|a RU
|b 63413507
|c 20060525
|g PSBO
|
| 801 |
|
2 |
|a RU
|b 63413507
|c 20170113
|g PSBO
|
| 942 |
|
|
|c BK
|